00684nam a2200181 i 450000100060000000300090000600500170001500700030003200800410003510000430007624501230011926000340024230000220027670000330029885200320033199900170036395201220038072596ES-MaACL20250621063047.0t|040902s1973 sp ||||1| spa d1 aGlendinning, Nigel, d1929-201395743010aHistoria de la literatura española b: el siglo XVIII / cNigel Glendinning ; [traducción de Luis Alonso López]. aBarcelona : bAriel, c[1973] a235 p. ; c21 cm.1 aAlonso López, Luis.920349 aES-MaACLjC-56132 bR.88826 c72596d72596 00104070aATENEOMbATENEOMcDEPO2d2008-01-17eSCl0oC-56132p1075997r2023-02-23 00:00:00w2023-02-23yMONOGRAFIA